| 000 | 00596nam a2200241Ia 4500 | ||
|---|---|---|---|
| 003 | OSt | ||
| 005 | 20231004105043.0 | ||
| 008 | 210324s9999||||xx |||||||||||||| ||und|| | ||
| 040 | _cSTCPL | ||
| 041 | _aENG | ||
| 082 |
_a561 _bCHE-I |
||
| 100 | _aArnold, Chester A. | ||
| 245 | 3 |
_aAn introduction to paleobotany / _cby Chester A. Arnold |
|
| 260 |
_aLondon : _bM C Graw-Hill Publishing , _c1947 . |
||
| 300 |
_a431 p. _bHB |
||
| 650 | _aPaleobotany | ||
| 650 | _aAncient ferns | ||
| 650 | _aAncient lycopods | ||
| 942 | _cBK | ||
| 942 |
_2ddc _n0 |
||
| 942 |
_2ddc _n0 |
||
| 942 |
_2ddc _n0 |
||
| 999 |
_c80273 _d80273 |
||